Cities and landscapes of Ireland by image - Statistics

General Stats
  • This quiz has been taken 12 times
  • The average score is 4 of 8
Answer Stats
Picture Answer % Correct
Dublin
100%
Cliffs of Moher
64%
Cork
55%
Limerick
55%
Galway
45%
Kilkenny
27%
Aran Islands
18%
Brú na Bóinne/Boyne valley tombs
18%
No matching quizzes found
Score Distribution
Percent of People with Each Score
Percentile by Number Answered
Your Score History
You have not taken this quiz